Enciclopedia de la enseñanza primaria : grado segundo

Gespeichert in:
Bibliographische Detailangaben
Format: Buch
Sprache:Spanisch
Erschienen: Madrid : Bibliográfica Española, 1951
Ausgabe:6a ed.
Katalog:MANES:  Suchergebnis im Bibliothekskatalog
Schulbuchspezifische Eigenschaften:
Schriftenreihe:Textos E. P.
Tags: Tag hinzufügen
Keine Tags, Fügen Sie den ersten Tag hinzu!
Hinzugefügt zu:22.05.2007
Geändert in:07.05.2025

MARC

LEADER 00000nam a2200000 a 4500
003 ES-BaCBU
005 20250507130104.0
008 070523s1951 sp a b|l 000 ||spa|c
040 |a ES-BaUB  |b cat  |c ES-BaUB 
245 0 0 |a Enciclopedia de la enseñanza primaria :  |b grado segundo 
250 |a 6a ed. 
260 |a Madrid :  |b Bibliográfica Española,  |c 1951 
300 |a 482 p.:  |b il. 
546 |a España 
561 |5 es-CRAI  |3 p2 R TEXT 0 99-1  |a España. Biblioteca Universitat de Barcelona  |k MANES 
690 0 |a CN  |a ECS  |a LEN  |a MATE  |a RyM 
691 0 |a PRI 
830 0 |a Textos E. P.  |9 27476 
856 |y Registro en Cercabib - CRAI 
942 |2 ddc  |c BK 
949 |f Donació: Immaculada Bordas1d0701845101  |5 ES-BaUB 
999 |c 86949  |d 86949 
999 |c manes:86949  |d 86949